00340nam a2200121 a 450000500170000000800410001702000180005805000230007624500490009926000440014830000070019265000190019920140414132137.0140221s19uu xx 00 eng d a9788179048955 aREF 307bMy99 19_? aMy first slide board book of world capitals. aIndia :bApple Pub. International, Ltd. a10 aWorld capitals